000 00822nas a2200265 4500
001 BR0905927
003 BR-BrBNA
005 20231205113801.0
007 ta
008 230509b bl.|||p| |||| 00| 00por d
040 _aBR-BrBNA
_bpor
_cBiblioteca Nacional de Agricultura
041 _a(Pt)
072 _aF30
100 1 _aOliveira, M. do S.P. de
100 1 _aSilva, K.J.D. e
245 1 _aDiferenciação genética entre procedências de açaizeiro por marcadores RAPD e SSR
650 _aAÇAÍ
650 _aGERMOPLASMA
650 _aVARIAÇÃO GENÉTICA
650 _aPALMEIRA OLEAGINOSA
650 _aAMAZÔNIA
773 0 _tRevista Brasileira de Fruticultura (Brazil)
_xISSN 0100 2945
_g(Jun 2008), v. 30(2) p. 438-443
_wBR0905927
909 _a202311
_bLúcia
_c55
_dLúcia Elande
942 _2AGRIS
_n0
_cANA
999 _c205592
_d205592